Report and proposals for the West Midlands Special Review Area (Record no. 391213)

000 -LEADER
fixed length control field 00560cam a22001457a 4500
008 - FIXED-LENGTH DATA ELEMENTS--GENERAL INFORMATION
fixed length control field 180718b1961 xxu||||| |||| 00| 0 eng d
082 ## - DEWEY DECIMAL CLASSIFICATION NUMBER
Classification number B7x42 Un3l/1
100 ## - MAIN ENTRY--PERSONAL NAME
Personal name United Kingdom. Local Government Commission
245 ## - TITLE STATEMENT
Title Report and proposals for the West Midlands Special Review Area
Statement of responsibility, etc. by Local Government Commission for England
260 ## - PUBLICATION, DISTRIBUTION, ETC.
Place of publication, distribution, etc. London
Name of publisher, distributor, etc. Her Majesty's Stationery Office
Date of publication, distribution, etc. 1961
300 ## - PHYSICAL DESCRIPTION
Extent 127p.
440 ## - SERIES STATEMENT/ADDED ENTRY--TITLE
Title Local Government Commission for England. Report No.1
500 ## - GENERAL NOTE
General note Chairman: Henry D. Hancock
700 ## - ADDED ENTRY--PERSONAL NAME
Personal name Hancock, Henry D, Chairman
Holdings
Withdrawn status Lost status Damaged status Not for loan Permanent Location Current Location Date acquired Full call number Barcode Date last seen Price effective from Koha item type
        Indian Institute of Public Administration Indian Institute of Public Administration 2000-01-29 B7x42 Un3l/1 27076 2018-07-21 2018-07-21 Book

Powered by Koha